| 000 | 00716nam a2200229 a 4500 | ||
|---|---|---|---|
| 001 | 4321 | ||
| 005 | 20221127090918.0 | ||
| 008 | 151004s lxxua 00100 eng d | ||
| 020 |
_a9781292016900(pbk) : _cSR210.00 |
||
| 035 | _a287 | ||
| 082 | 0 | 4 |
_a658 _bEb39 2015 |
| 100 | 1 | _aEbert, Ronald J. | |
| 245 | 1 | 0 |
_aBusiness essentials / _cRonald J. Ebert, Ricky Griffin. |
| 250 | _a10th ed., global ed. | ||
| 260 |
_aBoston, Mass. : _bPearson Education, _c2015. |
||
| 300 |
_a700 p. : _bcol. ill. ; _c28 cm. |
||
| 500 | _aStudent access code inside. | ||
| 504 | _aIncludes bibl. references and index. | ||
| 650 | 4 | _aIndustrial management. | |
| 650 | 4 | _aBusiness enterprises. | |
| 700 | 1 |
_aGriffin, Ricky W., _ejt. auth. |
|
| 999 |
_c4319 _d4319 |
||